| 000 | 00473nam a22001697a 4500 | ||
|---|---|---|---|
| 999 |
_c19467 _d19467 |
||
| 003 | AR-CdUCM | ||
| 008 | 190517b ||||| |||| 00| 0 spa d | ||
| 040 |
_aMUNICIPALIDAD PROVINCIAL DEL CUSCO _cBIBLIOTECA MUNICIPAL DEL CUSCO |
||
| 082 |
_a869 / _bG216 |
||
| 100 |
_aGarcia, Jesus Angel _940807 |
||
| 245 | _aPoesía infinita / | ||
| 260 |
_aLima : _bMaribelina, _c1990. |
||
| 300 |
_a195 páginas ; _c22 cm. |
||
| 505 | _aPoesía. | ||
| 942 |
_2ddc _cLIBROS |
||
| 945 | _awfj | ||